000 00353nam a2200133Ia 4500
008 210312s9999||||xx |||||||||||||| ||und||
041 _aosm
050 _aPL245
050 _bB562
100 _aGüntekin, Reşat Nuri
245 0 _a1927 senesinde çıkmış en güzel hikayeler
260 _c1928
650 _aEdebiyat--Türk edebiyatı--Roman ve hikaye
999 _c22277
_d22277